[Event "North American-ch U10"]
[Site "Montreal"]
[Date "2010.08.17"]
[Round "4"]
[White "Zhang, Kevin3"]
[Black "Ait Chabane, Adam"]
[Result "0-1"]
[WhiteElo "957"]
[BlackElo "951"]
[PlyCount "106"]
[EventDate "2010.08.16"]
[EventType "swiss"]
[EventRounds "7"]
[EventCountry "CAN"]
[SourceTitle "EXT 2013"]
[Source "ChessBase"]
[SourceDate "2012.11.22"]
[SourceVersion "1"]
[SourceVersionDate "2012.11.22"]
[SourceQuality "1"]

1. e4 e5 2. d4 exd4 3. Qxd4 Nc6 4. Qd1 Nf6 5. Nc3 Bb4 6. Nge2 Nxe4 7. Bd2 Nxd2 8. Qxd2 Bxc3 9. Nxc3 d6 10. Qe2+ Qe7 11. Qxe7+ Nxe7 12. Be2 0-0 13. 0-0 Ng6 14. Nd5 c6 15. Nc7 Rb8 16. Rae1 Bf5 17. Bd1 Rbc8 18. g4 Bd7 19. Na6 bxa6 20. b4 Rb8 21. c3 c5 22. a3 Bb5 23. Be2 Bxe2 24. Rxe2 Rfe8 25. Rxe8+ Rxe8 26. bxc5 dxc5 27. c4 Ne5 28. Re1 Kf8 29. Kg2 Nxc4 30. Rc1 Re4 31. f3 Rd4 32. a4 Ke7 33. Re1+ Kd6 34. Kf2 Ne5 35. Ke3 Rxa4 36. Rd1+ Rd4 37. Rxd4+ cxd4+ 38. Kxd4 Nxf3+ 39. Ke4 Nxh2 40. Kf4 a5 41. g5 a4 42. Kf5 a3 43. g6 fxg6+ 44. Kg5 h6+ 45. Kh4 Ng4 46. Kxg4 h5+ 47. Kg5 a2 48. Kh4 g5+ 49. Kxg5 a1Q 50. Kxh5 Qg1 51. Kh4 Ke5 52. Kh5 Kf5 53. Kh4 Qg4# 0-1